000 00979na a2200325 4500
001 13056
003 MIRAKIL
005 20181213155209.0
008 161001b tu 000 0
035 _a13056
040 _aMilas
_btur
_cTR-AnCHP
041 _atur
082 _a322.409561
_bG74k 1991
090 _a322.4209561 G74k 1991
100 _aGöktaş, Hıdır
245 _aKürtler
_bİsyan-tenkil
_cHıdır Göktaş
246 _aİsyan-tenkil
260 _aİstanbul
_bAlan Yayıncılık
_c1991
300 _a141 s.
_bfotg.
_c20 sm.
490 _aAlan yayıncılık
_v119
490 _aDüşünce dizisi
_v19
650 _aKürtler
_xSiyaset ve yönetim
_zTürkiye
650 _aKürtler
_xTarih
_zTürkiye
650 _aKürtler
_xAyaklanmalar
_yTarih
_zTürkiye
650 _aKürt isyanları
_xTarih
_zTürkiye
651 _aTürkiye
_xSiyaset ve yönetim
_yEtnik ilişkiler
657 _aKürt meselesi
657 _aİsyanlar
_zTürkiye
942 _2ddc
_cBKS
999 _c8374
_d8374